| 000 | 01413cam a22003011a 4500 | ||
|---|---|---|---|
| 001 | hew65000121 | ||
| 003 | DLC | ||
| 005 | 20260227111514.0 | ||
| 008 | 720208s1965 dcua b f100 0 eng | ||
| 010 | _ahew65000121 | ||
| 035 | _a(OCoLC)236679 | ||
| 040 |
_aDLC _cODaWU _dPPiU _dISS _dDLC |
||
| 043 | _an-us--- | ||
| 050 | 0 | 0 |
_aL111 _b.A6 1966, no. 3 |
| 051 |
_aLA209.2 _b.W46 1965aa |
||
| 086 | 0 | _aFS 5.210:10034 | |
| 111 | 2 |
_aWhite House Conference on Education _d(1965 : _cWashington, D.C.) |
|
| 245 | 1 | 0 |
_aContemporary issues in American education : _bconsultants' papers prepared for use at The White House Conference on Education, July 20-21, 1965, Washington, D.C. |
| 260 |
_aWashington, D.C. _bU.S. Dept. of Health, Education, and Welfare, Office of Education ; for sale by the Superintendent of Documents, U.S. Govt. Print. Off., _c1965. |
||
| 300 |
_a158 p. : _bill. ; _c23 cm. |
||
| 490 | 1 |
_aBulletin ; _v1966, no. 3 |
|
| 500 | _a"OE-10034." | ||
| 501 |
_aL111.A6 with: Educational developments in the Congo (Leopoldville) / Betty George. Washington : U. S. Dept. of Health, Education, and Welfare, Office of Education, 1966. Bound together subsequent to publication. _5DLC |
||
| 504 | _aIncludes bibliographies. | ||
| 650 | 0 |
_aEducation _zUnited States _xCongresses. |
|
| 710 | 1 |
_aUnited States. _bOffice of Education. |
|
| 830 | 0 |
_aBulletin (United States. Office of Education) ; _v1966, no. 3. |
|
| 999 |
_c34561 _d34561 |
||